<?xml version="1.0" encoding="UTF-8"?>
<record
    xmlns:xsi="http://www.w3.org/2001/XMLSchema-instance"
    xsi:schemaLocation="http://www.loc.gov/MARC21/slim http://www.loc.gov/standards/marcxml/schema/MARC21slim.xsd"
    xmlns="http://www.loc.gov/MARC21/slim">

  <leader>01627nam a22001817a 4500</leader>
  <controlfield tag="003">IT-RoPau</controlfield>
  <controlfield tag="005">20220918181218.0</controlfield>
  <controlfield tag="008">131112b        xxu||||| |||| 00| 0 eng d</controlfield>
  <datafield tag="040" ind1=" " ind2=" ">
    <subfield code="c">IT-RoPau</subfield>
  </datafield>
  <datafield tag="100" ind1=" " ind2=" ">
    <subfield code="a">Alberione, Giacomo</subfield>
    <subfield code="9">15</subfield>
  </datafield>
  <datafield tag="245" ind1=" " ind2=" ">
    <subfield code="a">Rosario meditato</subfield>
    <subfield code="b">sul sacerdozio e sulle vocazioni</subfield>
  </datafield>
  <datafield tag="250" ind1=" " ind2=" ">
    <subfield code="a">VII&#xB0; Ed.</subfield>
  </datafield>
  <datafield tag="260" ind1=" " ind2=" ">
    <subfield code="a">Roma</subfield>
    <subfield code="b">Istituto "Ges&#xF9; Sacerdote"</subfield>
    <subfield code="c">1987</subfield>
  </datafield>
  <datafield tag="300" ind1=" " ind2=" ">
    <subfield code="a">54 pp.</subfield>
    <subfield code="c">14,5 cm</subfield>
  </datafield>
  <datafield tag="490" ind1=" " ind2=" ">
    <subfield code="a">edizioni paoline</subfield>
  </datafield>
  <datafield tag="520" ind1=" " ind2=" ">
    <subfield code="a">Indice

Presentazione
Come si recita e si medita il Rosario
Le preghiere vocali del Rosario

Misteri Glaudiosi
1&#xB0; Mistero: L'annunciazione dell'Angelo a Maria Vergine
2&#xB0; Mistero: La visita di Maria Vergine a Santa Elisabetta
3&#xB0; Mistero: La nascita di Ges&#xF9; Bambino nella grotta di Betlemme
4&#xB0; Mistero: La Presentazione di Ges&#xF9; Bambino al Tempio
5&#xB0; MIstero: La perdita e il ritrovamento di Ges&#xF9; tra i dottori nel tempio

Misteri Dolorosi
1&#xB0; Mistero: L'orazione di Ges&#xF9; nell'orto di Getsemani
2&#xB0; Mistero: Flagellazione di Ges&#xF9; alla colonna
3&#xB0; Mistero: L'incoronazione di spine del Salvatore
4&#xB0; Mistero: Il viaggio al Calvario di Ges&#xF9; carico della croce
5&#xB0; Mistero: La crocifissione e morte di Ges&#xF9;

Misteri Gloriosi
1&#xB0; Mistero: La Risurrezione di Ges&#xF9;
2&#xB0; Mistero: L'Ascensione di Ges&#xF9; al cielo
3&#xB0; Mistero: La discesa dello Spirito Santo sopra Maria Vergine e gli Apostoli
4&#xB0; Mistero: L'Assunzione di Maria Vergine al cielo
5&#xB0; Mistero: L'Incoronazione di Maria Vergine

Litanie della Madonna
Per ottenere vocazioni
Preghiera del Santo Padre per le vocazioni
Preghiera dell' "adesso"
Per la propria vocazione
O Rosario benedetto
 </subfield>
  </datafield>
  <datafield tag="942" ind1=" " ind2=" ">
    <subfield code="2">ddc</subfield>
    <subfield code="c">BK</subfield>
  </datafield>
  <datafield tag="999" ind1=" " ind2=" ">
    <subfield code="c">104150</subfield>
    <subfield code="d">104150</subfield>
  </datafield>
  <datafield tag="952" ind1=" " ind2=" ">
    <subfield code="0">0</subfield>
    <subfield code="1">0</subfield>
    <subfield code="2">ddc</subfield>
    <subfield code="4">0</subfield>
    <subfield code="6">P_A4</subfield>
    <subfield code="7">1</subfield>
    <subfield code="a">PAULUS</subfield>
    <subfield code="b">PAULUS</subfield>
    <subfield code="d">2013-11-12</subfield>
    <subfield code="l">0</subfield>
    <subfield code="o">P A4</subfield>
    <subfield code="r">2013-11-12 00:00:00</subfield>
    <subfield code="w">2013-11-12</subfield>
    <subfield code="y">BK</subfield>
  </datafield>
</record>
